[Event "BCF-chT4 0304 (4NCL)"]
[Site "West Bromwich "]
[Date "2003.11.22"]
[Round "1.5"]
[White "Dickson, George A"]
[Black "Fraser, A Scott"]
[Result "1-0"]
[WhiteElo "1928"]
[BlackElo "1096"]
[PlyCount "73"]
[EventDate "2003.10.??"]
[EventType "team"]
[EventRounds "11"]
[EventCountry "ENG"]
[SourceTitle "EXT 2005"]
[Source "ChessBase"]
[SourceDate "2004.11.15"]
[SourceVersion "1"]
[SourceVersionDate "2004.11.15"]
[SourceQuality "1"]
[WhiteTeam "Metropolitan"]
[BlackTeam "Sussex Mindsports"]
[WhiteTeamCountry "ENG"]
[BlackTeamCountry "ENG"]

1. d4 d5 2. Nf3 Nf6 3. Bf4 g6 4. h3 Bg7 5. e3 Nbd7 6. Be2 0-0 7. Nbd2 c5 8. c3 Qb6 9. Qb3 c4 10. Qc2 Re8 11. 0-0 Qc6 12. e4 dxe4 13. Ne5 Nxe5 14. Bxe5 b5 15. f3 Bb7 16. fxe4 Rad8 17. Bf3 Qb6 18. Kh1 Nd7 19. Bxg7 Kxg7 20. e5 Bxf3 21. Rxf3 Qe6 22. Raf1 f6 23. Ne4 Rf8 24. Qf2 fxe5 25. Ng5 Qg8 26. dxe5 Rxf3 27. Nxf3 Qe6 28. Ng5 Qd5 29. Qf7+ Qxf7 30. Rxf7+ Kh6 31. h4 Kh5 32. Rxh7+ Kg4 33. Kh2 Nxe5 34. Rxe7 Rh8 35. Rxe5 Rxh4+ 36. Nh3 g5 37. Rxg5# 1-0